[Event "Viswanathan Anand"]
[Site "SchemingMind.com"]
[Date "2008.10.11"]
[Round "-"]
[White "MichaelDV"]
[Black "Space"]
[Result "1-0"]
[WhiteCountry "SWE"]
[BlackCountry "SWE"]
[WhiteElo "2387"]
[WhiteRD "68"]
[BlackElo "2135"]
[BlackRD "71"]
[GameID "174513"]

1. d4 Nf6 2. Nf3 g6 3. c4 Bg7 4. Nc3 O-O 5. e4 d6 6. Be2 e5 7. O-O Na6 8. Be3 Ng4 9. Bg5 Qe8 10. c5 f6
11. Bh4 dxc5 12. dxe5 Be6 13. Nd5 c6 14. exf6 Nxf6 15. Nxf6+
1-0

[Event "Viswanathan Anand"]
[Site "SchemingMind.com"]
[Date "2008.10.11"]
[Round "-"]
[White "Space"]
[Black "MichaelDV"]
[Result "0-1"]
[WhiteCountry "SWE"]
[BlackCountry "SWE"]
[WhiteElo "2135"]
[WhiteRD "71"]
[BlackElo "2387"]
[BlackRD "68"]
[GameID "174514"]

1. e4 e5 2. Nf3 Nc6 3. Bb5 Nf6 4. d3 Bc5 5. Bxc6 dxc6 6. Be3 Qe7 7. Bxc5 Qxc5 8. Nbd2 Nh5 9. Nc4 Nf4 10. g3 Nh3
11. Qd2 f6 12. Qe3= Qe7
0-1

[Event "Viswanathan Anand"]
[Site "SchemingMind.com"]
[Date "2008.10.15"]
[Round "-"]
[White "kryspin11"]
[Black "MichaelDV"]
[Result "0-1"]
[WhiteCountry "POL"]
[BlackCountry "SWE"]
[WhiteElo "2111"]
[WhiteRD "92"]
[BlackElo "2409"]
[BlackRD "71"]
[GameID "174928"]

1. c4 c5 2. Nf3 Nf6 3. Nc3 Nc6 4. g3 g6 5. Bg2 Bg7 6. O-O d6 7. Re1 O-O 8. d3 Rb8 9. Qb3 Bg4 10. Bf4 Bxf3
11. Bxf3 Nd4 12. Qd1 Nxf3+ 13. exf3 a6 14. Qd2 b5 15. Re2 b4 16. Ne4 Nd7 17. Kg2 Qb6 18. Bh6 Ne5 19. Bxg7 Kxg7 20. a3 bxa3
21. Rxa3 Nc6 22. Nc3 e6 23. Qe3 Nd4 24. Rd2 Qc6 25. Qe4 Rfc8 26. Ne2 Nb3 27. Rd1 Rb7 28. Ra2 d5 29. Qe3 Rcb8 30. h4 f6
31. Ra3 Re8 32. g4 a5 33. Nc3 Ra8 34. Nb5 a4 35. g5 Rf7 36. Re1 dxc4 37. dxc4 fxg5 38. hxg5 Raf8 39. Rxa4 Rxf3 40. Ra7+ Kg8
41. Qxe6+ Qxe6 42. Rxe6 Rxf2+ 43. Kg1 Nd2 44. Ree7 R2f7 45. Nd6 Nf3+ 46. Kf2 Rxe7 47. Rxe7 Nxg5+ 48. Kg3 Rf6 49. Re8+ Kg7 50. Re7+ Kh6
51. Nb7 Rf3+ 52. Kg4 Rd3 53. Nxc5 Rd4+ 54. Kg3 Rxc4 55. Nd3 Re4 56. Rxe4 Nxe4+
0-1

[Event "Viswanathan Anand"]
[Site "SchemingMind.com"]
[Date "2008.10.15"]
[Round "-"]
[White "MichaelDV"]
[Black "kryspin11"]
[Result "1-0"]
[WhiteCountry "SWE"]
[BlackCountry "POL"]
[WhiteElo "2421"]
[WhiteRD "76"]
[BlackElo "2283"]
[BlackRD "96"]
[GameID "174930"]

1. d4 Nf6 2. Nf3 e6 3. c4 b6 4. g3 Bb7 5. Bg2 Be7 6. O-O O-O 7. d5 exd5 8. Nh4 c6 9. cxd5 Nxd5 10. Nf5 Nc7
11. e4 d5 12. Nc3 Bf6 13. exd5 cxd5 14. Bf4 Nba6 15. Re1 Qd7 16. Bh3 Qd8 17. Nd6 Bc6 18. Rc1 d4 19. Nce4 Bxe4 20. Nxe4 Ne6
21. Bxe6 fxe6 22. Bd6 Be7 23. Qxd4 Bxd6 24. Nxd6 Qe7 25. Qd5 Nc5 26. b4 Qd7 27. Qc4 Qxd6 28. bxc5 bxc5 29. Rxe6 Qd4 30. Re4+ Qxc4
31. Rexc4 Rae8 32. R1c2 Rf3 33. Rxc5 Ra3 34. Rc7 h6 35. Rd7 Kh8 36. Rcc7 Rg8 37. Rxa7 Ra8 38. Rd8+ Rxd8 39. Rxa3 Kg8 40. Ra7 Rd3
41. Kg2 Kh7 42. h4 Kg6 43. a4 h5 44. a5 Ra3 45. Ra8 Kf6 46. a6 Kf5 47. a7 Kg6 48. Kf1 Ra2 49. Ke1 Kf7 50. Rh8 Rxa7
51. Rxh5 Ra1+ 52. Ke2 g6 53. Rb5 Kf6 54. h5 gxh5 55. Rxh5 Ra5 56. Rxa5
1-0

[Event "Viswanathan Anand"]
[Site "SchemingMind.com"]
[Date "2008.10.22"]
[Round "-"]
[White "Goran"]
[Black "kryspin11"]
[Result "1-0"]
[WhiteCountry "ITA"]
[BlackCountry "POL"]
[WhiteElo "2612"]
[WhiteRD "95"]
[BlackElo "2111"]
[BlackRD "92"]
[GameID "175610"]

1. e4 c5 2. Nf3 Nc6 3. Nc3 e6 4. Be2 Nf6 5. O-O a6 6. d4 cxd4 7. Nxd4 Qc7 8. Be3 d6 9. f4 Bd7 10. Qe1 Nxd4
11. Bxd4 Be7 12. Qg3 O-O 13. e5 dxe5 14. fxe5 Nd5 15. Nxd5 exd5 16. Rf2 Bc5 17. Qc3 Rac8 18. Bf3 Qb6 19. Rd1 Be6 20. Qe3 Bxd4
21. Qxd4 Qc7 22. c3 Rcd8 23. Rdf1 Rde8 24. Bd1 Re7 25. Bb3 Rd8 26. h3 g6 27. Rf6 b5 28. g4 a5 29. a3 Qb8 30. R6f2 b4
31. cxb4 axb4 32. a4 Rc7 33. Rd2 Rc6 34. Qf4 Qb6+ 35. Kg2 Rc5 36. Rd4 Rdc8 37. Rxb4 Qa5 38. Kg3 Qa6 39. Rf2 Qc6 40. Rd2 Qc7
41. Rbd4 Qb7 42. Bd1 Qa7 43. h4 Rc4 44. h5 Rxd4 45. Qxd4 Qe7 46. b3
1-0

[Event "Viswanathan Anand"]
[Site "SchemingMind.com"]
[Date "2008.10.21"]
[Round "-"]
[White "Goran"]
[Black "MichaelDV"]
[Result "1-0"]
[WhiteCountry "ITA"]
[BlackCountry "SWE"]
[WhiteElo "2612"]
[WhiteRD "95"]
[BlackElo "2409"]
[BlackRD "71"]
[GameID "175611"]

1. e4 c5 2. Nf3 e6 3. d4 cxd4 4. Nxd4 Nc6 5. Nc3 Qc7 6. Be3 a6 7. Be2 Nf6 8. O-O Be7 9. f4 d6 10. Qe1 O-O
11. Qg3 Bd7 12. Nb3 b5 13. a3 Rac8 14. Bf3 Rfe8 15. Rfd1 e5 16. f5 Na5 17. Nxa5 Qxa5 18. Bh6 g6 19. Bg5 Bc6 20. Kh1 Qd8
21. Rd3 a5 22. b4 Nh5 23. Bxh5 Bxg5 24. Bg4 axb4 25. axb4 Rc7 26. Rad1 Qa8 27. h4 Bh6 28. Qf3 Bf8 29. Bh3 Qd8 30. f6 h6
31. h5 g5 32. Kh2 Ra7 33. Bg4 Qa8 34. Bf5 Qd8 35. Rf1 Qa8 36. Nd5 Qb7 37. Rfd1 Rd8 38. R3d2 Ra6 39. Qe3 Ra2 40. Qe2 Ra4
41. c3 Ra6 42. c4 Be8 43. Rc1 Rc6 44. Rdc2 bxc4 45. Rxc4 Qa6 46. Qc2 Rxc4 47. Qxc4 Qxc4 48. Rxc4 Bb5 49. Rc7 Rb8 50. Bd7 Bd3
51. Ne7+ Kh8 52. Bc6 Bc4 53. Bd5 Bxd5 54. Nxd5 Kg8 55. b5 Rxb5 56. Rc8
1-0

[Event "Viswanathan Anand"]
[Site "SchemingMind.com"]
[Date "2008.10.25"]
[Round "-"]
[White "kryspin11"]
[Black "Goran"]
[Result "0-1"]
[WhiteCountry "POL"]
[BlackCountry "ITA"]
[WhiteElo "2111"]
[WhiteRD "92"]
[BlackElo "2612"]
[BlackRD "95"]
[GameID "175613"]

1. c4 Nf6 2. Nc3 e5 3. g3 Bc5 4. Bg2 O-O 5. e3 Nc6 6. Nge2 d6 7. O-O Bb6 8. h3 Be6 9. Nd5 Bf5 10. d3 Nxd5
11. cxd5 Ne7 12. d4 Qd7 13. a4 a5 14. dxe5 dxe5 15. g4 Bg6 16. e4 Rfd8 17. Nc3 c6 18. Bg5 h6 19. Be3 Bxe3 20. fxe3 Nc8
21. dxc6 bxc6 22. Qxd7 Rxd7 23. Rfd1 Rd6 24. Bf1 f6 25. Rab1 Kf8 26. Bd3 Rb8 27. b3 Ke7 28. Kf2 Rd8 29. Kf3 h5 30. Ne2 h4
31. Nc3 Nd6 32. Kg2 Nf7 33. Bc2 Ng5 34. Ra1 Rxd1 35. Rxd1 Rd8 36. Rxd8 Kxd8 37. Nb1 Kd7 38. Nd2 Bf7 39. Bd3 Kd6 40. Bc4 Bg6
41. Bf1 Kc5 42. Bd3 Kb4 43. Ba6 Kc3 44. Nc4 Bxe4+ 45. Kf1 Bd3+ 46. Kg2 Bxc4
0-1

[Event "Viswanathan Anand"]
[Site "SchemingMind.com"]
[Date "2008.10.21"]
[Round "-"]
[White "MichaelDV"]
[Black "Goran"]
[Result "1/2-1/2"]
[WhiteCountry "SWE"]
[BlackCountry "ITA"]
[WhiteElo "2420"]
[WhiteRD "71"]
[BlackElo "2564"]
[BlackRD "79"]
[GameID "175614"]

1. d4 Nf6 2. Nf3 e6 3. c4 b6 4. Nc3 Bb7 5. a3 d5 6. cxd5 Nxd5 7. e3 Nxc3 8. bxc3 Bd6 9. Bd3 O-O 10. O-O c5
11. Bd2 h6 12. Qe2 Nc6 13. e4 Na5 14. Bc2 cxd4 15. cxd4 Rc8 16. Rfc1 Nc4 17. Bb4 Qe7 18. Qd3 Bxb4 19. axb4 Qxb4 20. Rcb1=
1/2-1/2

[Event "Viswanathan Anand"]
[Site "SchemingMind.com"]
[Date "2008.10.20"]
[Round "-"]
[White "Chess_Man01"]
[Black "Space"]
[Result "1-0"]
[WhiteCountry "GBR"]
[BlackCountry "SWE"]
[WhiteElo "2044"]
[WhiteRD "67"]
[BlackElo "2135"]
[BlackRD "71"]
[GameID "175632"]

1. e4 c5 2. Nf3 e6 3. d4 cxd4 4. Nxd4 Nf6 5. Nc3 d6 6. g4 h6 7. h4 Nc6 8. Rg1 d5 9. exd5 Nxd5 10. Nxd5 exd5
11. Qe2+ Be7 12. Be3
1-0

[Event "Viswanathan Anand"]
[Site "SchemingMind.com"]
[Date "2008.10.22"]
[Round "-"]
[White "Chess_Man01"]
[Black "kryspin11"]
[Result "0-1"]
[WhiteCountry "GBR"]
[BlackCountry "POL"]
[WhiteElo "1936"]
[WhiteRD "60"]
[BlackElo "2295"]
[BlackRD "94"]
[GameID "175633"]

1. e4 c5 2. Nf3 Nc6 3. d4 cxd4 4. Nxd4 e6 5. Nc3 Qc7 6. Be2 a6 7. O-O Nf6 8. Be3 Be7 9. f4 d6 10. Qe1 O-O
11. Qg3 Nxd4 12. Bxd4 b5 13. a3 Bb7 14. Kh1 Bc6 15. Rae1 Qb7 16. Bd3 Rfd8 17. Bxf6 Bxf6 18. e5 Be7 19. Ne4 h6 20. exd6 Bf8
21. f5 exf5 22. Rxf5 Rab8 23. Rff1 Bd5 24. Nf6+ Kh8
0-1

[Event "Viswanathan Anand"]
[Site "SchemingMind.com"]
[Date "2008.10.21"]
[Round "-"]
[White "Chess_Man01"]
[Black "Goran"]
[Result "0-1"]
[WhiteCountry "GBR"]
[BlackCountry "ITA"]
[WhiteElo "1936"]
[WhiteRD "60"]
[BlackElo "2591"]
[BlackRD "87"]
[GameID "175634"]

1. e4 e5 2. Nf3 Nc6 3. Bb5 a6 4. Ba4 Nf6 5. O-O Be7 6. Re1 b5 7. Bb3 O-O 8. a4 b4 9. d3 d6 10. a5 Be6
11. Nbd2 Qc8 12. Nc4 h6 13. c3 bxc3 14. bxc3 Rb8 15. Ba3 Qb7 16. Ba2 Rfe8 17. Qc2 Qa8 18. d4 exd4 19. cxd4 d5 20. exd5 Bxd5
21. Bxe7 Rxe7 22. Rxe7= Nxe7
0-1

[Event "Viswanathan Anand"]
[Site "SchemingMind.com"]
[Date "2008.10.20"]
[Round "-"]
[White "Chess_Man01"]
[Black "MichaelDV"]
[Result "0-1"]
[WhiteCountry "GBR"]
[BlackCountry "SWE"]
[WhiteElo "1936"]
[WhiteRD "60"]
[BlackElo "2396"]
[BlackRD "74"]
[GameID "175635"]

1. e4 c5 2. Nf3 e6 3. d4 cxd4 4. Nxd4 Nc6 5. Nc3 Qc7 6. Be2 a6 7. O-O Bd6 8. Kh1 Bf4 9. Nf5 Bxc1 10. Nd6+ Ke7
11. Nxc8+ Rxc8 12. Rxc1 Nf6 13. f4 d6 14. g4 Qb6 15. g5 Nd7 16. Qd2 Qd4 17. Qe1 Qb6 18. Rb1 Nd4 19. Bd3 Qc5 20. Rd1 g6
21. e5 d5 22. a3 h6 23. Na4= Nxc2 24. Qd2 Qc6 25. Rc1 Qxa4 26. Bxc2 Qb5 27. Bd3= Qb6 28. gxh6 Rxc1 29. Rxc1 Rxh6 30. Rc8 Rh3
31. Kg2 Re3 32. Qf2 g5 33. Bc2 a5 34. a4 d4 35. Bd1 Nc5 36. fxg5 Nd3 37. Qf6+ Kd7 38. Rc2 Nxe5
0-1

[Event "Viswanathan Anand"]
[Site "SchemingMind.com"]
[Date "2008.10.22"]
[Round "-"]
[White "kryspin11"]
[Black "Chess_Man01"]
[Result "1-0"]
[WhiteCountry "POL"]
[BlackCountry "GBR"]
[WhiteElo "2294"]
[WhiteRD "92"]
[BlackElo "2141"]
[BlackRD "68"]
[GameID "175637"]

1. Nf3 Nf6 2. d4 e6 3. c4 b6 4. a3 Bb7 5. Nc3 d5 6. cxd5 Nxd5 7. Qc2 Nxc3 8. bxc3 Be7 9. e4 O-O 10. Bd3 c5
11. O-O Qc7 12. Qe2 Nd7 13. Bb2 Rac8 14. Nd2 Nf6 15. f4 b5 16. f5 c4 17. Bc2 e5 18. d5 a5 19. Kh1 h5 20. Rf3 Bd8
21. Nf1 Qc5 22. Rh3 Bb6 23. Ne3
1-0

[Event "Viswanathan Anand"]
[Site "SchemingMind.com"]
[Date "2008.10.21"]
[Round "-"]
[White "Goran"]
[Black "Chess_Man01"]
[Result "1-0"]
[WhiteCountry "ITA"]
[BlackCountry "GBR"]
[WhiteElo "2591"]
[WhiteRD "87"]
[BlackElo "1936"]
[BlackRD "60"]
[GameID "175638"]

1. d4 d5 2. c4 c6 3. Nc3 Nf6 4. Nf3 e6 5. e3 Nbd7 6. Bd3 dxc4 7. Bxc4 b5 8. Bd3 Bb7 9. O-O a6 10. e4 c5
11. d5 Qc7 12. dxe6 fxe6 13. Bc2 c4 14. Ng5 Nc5 15. e5 Qxe5 16. Re1 Qd6 17. Qxd6 Bxd6 18. Be3 O-O 19. Rad1 Be7 20. Bxc5 Bxc5
21. Nxe6 Rfc8 22. Nxc5 Rxc5 23. f3
1-0

[Event "Viswanathan Anand"]
[Site "SchemingMind.com"]
[Date "2008.10.20"]
[Round "-"]
[White "MichaelDV"]
[Black "Chess_Man01"]
[Result "1-0"]
[WhiteCountry "SWE"]
[BlackCountry "GBR"]
[WhiteElo "2417"]
[WhiteRD "71"]
[BlackElo "2181"]
[BlackRD "69"]
[GameID "175639"]

1. e4 c5 2. Nf3 d6 3. d4 cxd4 4. Nxd4 Nf6 5. Nc3 a6 6. Be3 e6 7. f3 b5 8. Qd2 Nbd7 9. g4 h6 10. O-O-O Bb7
11. h4 b4 12. Na4 Qa5 13. b3 Be7 14. Bh3 Nc5 15. a3 Rc8 16. Qxb4 Qxb4 17. axb4 Nxa4 18. bxa4 Rc4 19. g5 Nd7 20. g6 Nf8=
21. gxf7+ Kxf7 22. Kd2 Rxb4 23. Rb1 Rxb1 24. Rxb1 Bc8 25. Rb8 Bd7 26. Ra8 Bxh4 27. a5 Be7 28. Rxa6 e5 29. Nf5 Bxf5 30. Bxf5 Ne6
31. Ra7 h5 32. a6 h4 33. Rb7 Nc5 34. Bxc5 dxc5 35. a7 Ra8 36. Kd3 Kf6 37. Kc4 g6 38. Bd7 Bd8 39. Kb5 Kg5 40. Ka6 Kf4
41. Bg4
1-0

[Event "Viswanathan Anand"]
[Site "SchemingMind.com"]
[Date "2008.10.22"]
[Round "-"]
[White "Netferatu"]
[Black "MichaelDV"]
[Result "1/2-1/2"]
[WhiteCountry "ARG"]
[BlackCountry "SWE"]
[WhiteElo "2393"]
[WhiteRD "82"]
[BlackElo "2396"]
[BlackRD "71"]
[GameID "175730"]

1. e4 e5 2. Nf3 Nc6 3. Bb5 a6 4. Ba4 Nf6 5. O-O b5 6. Bb3 Bc5 7. a4 Rb8 8. c3 d6 9. d4 Bb6 10. axb5 axb5
11. Na3 Bg4 12. Nxb5 O-O 13. Bc2 Bxf3 14. gxf3 Nh5 15. Kh1 Qf6 16. Ra4 Nf4 17. Rg1 Nh3 18. Rg2 Nd8 19. Be3 Ne6 20. Rg3 Nhf4
21. Na3 h6 22. d5 Nc5 23. Rc4 Nh5 24. Rg4 Rb7 25. Rb4 Ra7 26. Kg2 Nd7 27. Nc4 Bxe3 28. fxe3 Nc5 29. Rb5 Rfa8 30. b4 Nb7
31. Qd3 Qe7 32. Kh1 Ra1+=
1/2-1/2

[Event "Viswanathan Anand"]
[Site "SchemingMind.com"]
[Date "2008.10.22"]
[Round "-"]
[White "MichaelDV"]
[Black "Netferatu"]
[Result "1/2-1/2"]
[WhiteCountry "SWE"]
[BlackCountry "ARG"]
[WhiteElo "2396"]
[WhiteRD "71"]
[BlackElo "2393"]
[BlackRD "82"]
[GameID "175735"]

1. d4 Nf6 2. Nf3 d5 3. c4 e6 4. Nc3 Be7 5. Bf4 O-O 6. e3 c5 7. dxc5 Bxc5 8. Qc2 Nc6 9. a3 Qa5 10. O-O-O Be7
11. Kb1 a6 12. cxd5 exd5 13. Bd3 Be6 14. Ng5 h6 15. Nxe6 fxe6 16. g4 Rac8 17. Rhg1 b5 18. g5 hxg5 19. Rxg5 b4 20. Nxd5 Nxd5
21. Bh7+ Kh8 22. Rdxd5 Bxg5 23. Rxa5 Nxa5 24. Qg6 Bxf4 25. exf4 Nc4 26. axb4 Nd2+ 27. Ka2 Rf6 28. Qd3 Rcf8 29. Qxd2 Kxh7 30. Qd3+ Kh8
31. Qxa6 Rxf4 32. b5 Rxf2 33. Qa7 R2f7 34. Qe3 Re8 35. Qe5=
1/2-1/2

[Event "Viswanathan Anand"]
[Site "SchemingMind.com"]
[Date "2008.10.22"]
[Round "-"]
[White "Chess_Man01"]
[Black "Netferatu"]
[Result "0-1"]
[WhiteCountry "GBR"]
[BlackCountry "ARG"]
[WhiteElo "2141"]
[WhiteRD "68"]
[BlackElo "2403"]
[BlackRD "93"]
[GameID "175736"]

1. e4 c5 2. Nf3 Nc6 3. d4 cxd4 4. Nxd4 Nf6 5. Nc3 d6 6. Bg5 e6 7. Qd2 a6 8. O-O-O h6 9. Bf4 Bd7 10. Nxc6 Bxc6
11. f3 d5 12. Qe1 Bb4 13. a3 Ba5 14. Bd2 Rc8 15. Qg3 d4 16. Ne2 Ba4 17. Bc3 Bxc3 18. Nxc3 Bxc2 19. Kxc2 Qb6 20. Qxg7 Ke7
21. Qg3 Rhd8 22. Bd3= dxc3 23. bxc3 Qa5 24. Qe1 Nd7 25. e5 Nxe5 26. Qh4+ Ke8 27. Qb4 Qd5 28. Be4 Qa2+ 29. Kc1 Nc4 30. Bb1 Qxg2
31. Be4 a5 32. Qb3 Ke7
0-1

[Event "Viswanathan Anand"]
[Site "SchemingMind.com"]
[Date "2008.10.22"]
[Round "-"]
[White "Peacemaker"]
[Black "Space"]
[Result "1-0"]
[WhiteCountry "GER"]
[BlackCountry "SWE"]
[WhiteElo "2382"]
[WhiteRD "76"]
[BlackElo "2135"]
[BlackRD "71"]
[GameID "175824"]

1. e4 c5 2. Nf3 d6 3. d4 cxd4 4. Nxd4 Nf6 5. Nc3 a6 6. Be2 e6 7. O-O Be7 8. f4 O-O 9. Be3 Nc6 10. a4 Qc7
11. Kh1 Nxd4 12. Qxd4 e5 13. Qd3 b6 14. Nd5
1-0

[Event "Viswanathan Anand"]
[Site "SchemingMind.com"]
[Date "2008.10.22"]
[Round "-"]
[White "Peacemaker"]
[Black "kryspin11"]
[Result "1-0"]
[WhiteCountry "GER"]
[BlackCountry "POL"]
[WhiteElo "2435"]
[WhiteRD "69"]
[BlackElo "2275"]
[BlackRD "91"]
[GameID "175825"]

1. e4 c5 2. Nf3 Nc6 3. d4 cxd4 4. Nxd4 e6 5. Nc3 Qc7 6. Be2 a6 7. O-O Nf6 8. Be3 Be7 9. f4 d6 10. Qe1 O-O
11. Qg3 Nxd4 12. Bxd4 b5 13. a3 Bb7 14. Kh1 g6 15. Bf3 d5 16. Be5 Qc5 17. b4 Qb6 18. exd5 Nxd5 19. f5 Bf6 20. Ne4 Bxe5
21. Qxe5 exf5 22. Nd6 Rad8 23. Nxb7 Rfe8 24. Qxd5 Rxd5 25. Bxd5 Qd4 26. Rad1 Qg7 27. c4 bxc4 28. Bxc4 Qd4 29. Rxd4
1-0

[Event "Viswanathan Anand"]
[Site "SchemingMind.com"]
[Date "2008.10.22"]
[Round "-"]
[White "Peacemaker"]
[Black "Netferatu"]
[Result "1/2-1/2"]
[WhiteCountry "GER"]
[BlackCountry "ARG"]
[WhiteElo "2375"]
[WhiteRD "73"]
[BlackElo "2393"]
[BlackRD "82"]
[GameID "175826"]

1. e4 c5 2. Nf3 Nc6 3. d4 cxd4 4. Nxd4 Nf6 5. Nc3 d6 6. Bg5 e6 7. Qd2 a6 8. O-O-O h6 9. Be3 Be7 10. f4 Bd7
11. Kb1 b5 12. Bd3 O-O 13. h3 Nxd4 14. Bxd4 Bc6 15. Qe3 Qc7 16. e5 dxe5 17. Bxe5 Qb7 18. Rhe1 Rad8 19. Ne2 Nd7 20. Bd4 Bf6
21. Bxf6 Nxf6 22. g4 Nd5 23. Qe5 Nb4 24. Nd4 Bd5 25. b3 Bg2 26. a3 Nd5 27. Kb2 b4 28. axb4 Nxb4 29. Be4 Bxe4 30. Qxe4 Qb6
31. c3 Nd5 32. f5 Rc8 33. Rd3 a5 34. fxe6=
1/2-1/2

[Event "Viswanathan Anand"]
[Site "SchemingMind.com"]
[Date "2008.10.23"]
[Round "-"]
[White "Peacemaker"]
[Black "Goran"]
[Result "1-0"]
[WhiteCountry "GER"]
[BlackCountry "ITA"]
[WhiteElo "2435"]
[WhiteRD "69"]
[BlackElo "2564"]
[BlackRD "79"]
[GameID "175827"]

1. e4 e5 2. Nf3 Nc6 3. Bc4 Bc5 4. c3 Nf6 5. d3 a6 6. O-O Ba7 7. Bb3 O-O 8. Nbd2 d6 9. h3 h6 10. Re1 Nh5
11. Nf1 Qf6 12. Be3 Bxe3 13. Nxe3 Qg6= 14. Nh4 Qg5 15. Nhf5 Bxf5 16. exf5 Ne7 17. Qf3 Nf4 18. g3 Qh5 19. Ng4 Qxh3 20. Re3 Nfd5
21. Bxd5 Nxd5 22. Re4 g5 23. d4 h5 24. f6 hxg4 25. Rxg4 Nf4 26. Rxg5+ Ng6 27. Re1
1-0

[Event "Viswanathan Anand"]
[Site "SchemingMind.com"]
[Date "2008.10.22"]
[Round "-"]
[White "Peacemaker"]
[Black "MichaelDV"]
[Result "1/2-1/2"]
[WhiteCountry "GER"]
[BlackCountry "SWE"]
[WhiteElo "2435"]
[WhiteRD "69"]
[BlackElo "2420"]
[BlackRD "71"]
[GameID "175828"]

1. e4 e5 2. Nf3 Nc6 3. Bc4 Be7 4. d4 d6 5. dxe5 dxe5 6. Qxd8+ Bxd8 7. Nc3 Nf6 8. Be3 a6 9. O-O-O Be7 10. h3 Bd6
11. Ng5 O-O 12. Nd5 Nxd5= 13. exd5 Ne7 14. Ne4 b5 15. Bb3 f5 16. Nxd6 cxd6 17. f4 e4 18. a4 Bd7 19. a5 Rf6 20. Kd2 Rg6
21. Rhg1 Be8 22. Ke1 Rc8 23. Kf2 Bf7 24. g4 Rh6 25. Kg3 Kf8 26. Rd4 Re8 27. g5 Rh5 28. c3 Ng6 29. c4 bxc4 30. Bxc4 h6
31. Bxa6 hxg5 32. fxg5 Ra8 33. Bc4 Rxa5 34. Rf1 Ne7 35. Bd2 Ra4 36. b3 Ra2 37. Bf4 Ke8 38. Bb5+ Kd8 39. h4=
1/2-1/2

[Event "Viswanathan Anand"]
[Site "SchemingMind.com"]
[Date "2008.10.22"]
[Round "-"]
[White "Peacemaker"]
[Black "Chess_Man01"]
[Result "1-0"]
[WhiteCountry "GER"]
[BlackCountry "GBR"]
[WhiteElo "2492"]
[WhiteRD "70"]
[BlackElo "2141"]
[BlackRD "68"]
[GameID "175829"]

1. e4 c6 2. d4 d5 3. Nc3 dxe4 4. Nxe4 Bf5 5. Ng3 Bg6 6. h4 h6 7. Nf3 Nd7 8. h5 Bh7 9. Bd3 Bxd3 10. Qxd3 e6
11. Bf4 Ngf6 12. O-O-O Be7 13. Kb1 O-O 14. Ne4 Nxe4 15. Qxe4 Nf6= 16. Qe2 Qd5 17. Ne5 Qe4 18. Qxe4 Nxe4 19. Rhe1 Nf6 20. g4 Bd6
21. f3 Rfd8 22. c4 b5 23. b3 bxc4 24. bxc4 Nd7 25. Kc2 Nxe5 26. dxe5 Bc5 27. Rxd8+ Rxd8 28. Rb1 a5 29. a4 Rd4= 30. Rb8+ Kh7
31. Be3 Rxc4+ 32. Kd3 Rb4 33. Rxb4 Bxb4 34. Bd2 c5 35. Be3 f6 36. exf6 gxf6 37. Kc4 Kg7 38. Bxc5 Bd2 39. Bb6 f5 40. Kb5 fxg4
41. fxg4 e5 42. Bxa5 Bf4 43. Bc7
1-0

[Event "Viswanathan Anand"]
[Site "SchemingMind.com"]
[Date "2008.10.22"]
[Round "-"]
[White "Space"]
[Black "Peacemaker"]
[Result "0-1"]
[WhiteCountry "SWE"]
[BlackCountry "GER"]
[WhiteElo "2135"]
[WhiteRD "71"]
[BlackElo "2382"]
[BlackRD "76"]
[GameID "175830"]

1. e4 c5 2. Nc3 Nc6 3. f4 g6 4. Nf3 Bg7 5. Bb5 Nd4 6. O-O Nxb5 7. Nxb5 d6 8. d4 cxd4 9. Nbxd4 Nf6 10. e5 Ng4
0-1

[Event "Viswanathan Anand"]
[Site "SchemingMind.com"]
[Date "2008.10.22"]
[Round "-"]
[White "kryspin11"]
[Black "Peacemaker"]
[Result "1/2-1/2"]
[WhiteCountry "POL"]
[BlackCountry "GER"]
[WhiteElo "2272"]
[WhiteRD "92"]
[BlackElo "2448"]
[BlackRD "70"]
[GameID "175831"]

1. Nf3 Nf6 2. c4 g6 3. d4 Bg7 4. Nc3 O-O 5. e4 d6 6. Be2 e5 7. dxe5 dxe5 8. Qxd8 Rxd8 9. Bg5 Re8 10. Nd5 Nxd5
11. cxd5 c6 12. Bc4 cxd5 13. Bxd5 Na6 14. O-O Nb4 15. Bb3 Be6 16. Bxe6 Rxe6 17. Rfc1 Nc6 18. Rc5 f5 19. Rd5 Ree8 20. exf5 gxf5
21. Ne1 h6 22. Bh4 Rf8 23. Rad1 e4 24. b3 Rf7 25. Nc2 f4 26. g3 Ne5 27. Ne1 Raf8 28. gxf4 Ng6 29. Bg3 Nxf4 30. Rd8 Ne2+
31. Kg2 Nc3 32. R1d2 h5 33. Rxf8+ Kxf8 34. Kh3 b5 35. Ng2 Ke8=
1/2-1/2

[Event "Viswanathan Anand"]
[Site "SchemingMind.com"]
[Date "2008.10.22"]
[Round "-"]
[White "Netferatu"]
[Black "Peacemaker"]
[Result "1/2-1/2"]
[WhiteCountry "ARG"]
[BlackCountry "GER"]
[WhiteElo "2393"]
[WhiteRD "82"]
[BlackElo "2375"]
[BlackRD "73"]
[GameID "175832"]

1. e4 c5 2. Nf3 Nc6 3. d4 cxd4 4. Nxd4 Nf6 5. Nc3 d6 6. Bg5 e6 7. Qd2 a6 8. O-O-O Bd7 9. f4 b5 10. Bxf6 gxf6
11. Kb1 Qb6 12. Nxc6 Bxc6 13. Qe1 O-O-O 14. Bd3 Rg8 15. f5 Rxg2 16. Qh4 Re8 17. Qxh7 Rg7 18. Qh6 Qc5 19. Rhf1 Qe5 20. Ne2 d5
21. exd5 exd5 22. Qh4 Bc5 23. c3 Bd7 24. Nf4 Be3 25. Nh5 Rg5 26. Ng3 Bc5 27. Qh7 Bc6 28. Qxf7 Qe7 29. Qxe7=
1/2-1/2

[Event "Viswanathan Anand"]
[Site "SchemingMind.com"]
[Date "2008.10.23"]
[Round "-"]
[White "Goran"]
[Black "Peacemaker"]
[Result "1/2-1/2"]
[WhiteCountry "ITA"]
[BlackCountry "GER"]
[WhiteElo "2591"]
[WhiteRD "87"]
[BlackElo "2500"]
[BlackRD "73"]
[GameID "175833"]

1. e4 c5 2. Nf3 Nc6 3. Nc3 e6 4. Be2 Nf6 5. O-O d5 6. exd5 Nxd5 7. d4 cxd4 8. Nxd4 Nxc3 9. bxc3 Be7 10. Nxc6 bxc6
11. Qxd8+ Bxd8 12. Bf3 Bd7 13. Rd1 e5 14. c4 Bc7 15. Rb1 O-O-O 16. Bg5 f6 17. Be3 a5 18. c5 Be6 19. Rdc1 Kd7 20. Rb7 h5
21. Ra7 Bd5 22. Rd1 Kc8 23. Be2 Kb8 24. Ra6 Kc8 25. a4 Be4= 26. Rc1 g5 27. f3 Bd5 28. c4 Be6 29. Rxc6 Rhe8 30. Rb1 Bf5
31. Rb2 Re6 32. Rxe6 Bxe6 33. c6 Bf5 34. h3 Bd3 35. Kf1 e4 36. Rd2 h4= 37. Ke1 Be5 38. fxe4 Bxe4 39. Bg4+ Kc7 40. Bb6+ Kxb6
41. Rxd8 Bxc6 42. Bf3 Bxa4 43. Kd2 Kc5= 44. Kd3 Kb4 45. Bd5=
1/2-1/2

[Event "Viswanathan Anand"]
[Site "SchemingMind.com"]
[Date "2008.10.23"]
[Round "-"]
[White "MichaelDV"]
[Black "Peacemaker"]
[Result "0-1"]
[WhiteCountry "SWE"]
[BlackCountry "GER"]
[WhiteElo "2420"]
[WhiteRD "71"]
[BlackElo "2435"]
[BlackRD "69"]
[GameID "175834"]

1. e4 c5 2. Nf3 Nc6 3. d4 cxd4 4. Nxd4 Nf6 5. Nc3 d6 6. Bg5 e6 7. Qd2 a6 8. O-O-O Bd7 9. f4 b5 10. Bxf6 gxf6
11. Kb1 Qb6 12. Nxc6 Bxc6 13. Qe1 O-O-O 14. Bd3 Rg8 15. Qh4 Rxg2 16. f5 Re8 17. Qxf6 Qb7 18. fxe6 fxe6 19. Qf4 Qa7 20. Rhf1 Qc5
21. Be2 Bg7 22. Qxd6= Qxd6 23. Rxd6 Bb7 24. Bh5 Re7 25. h3 Kc7 26. Rd3 b4 27. Ne2 a5 28. Nd4 Ba6 29. c4 Be5 30. b3 Bb7
31. Re1 Kb6 32. Ree3 Kc5 33. Nc2 Reg7 34. Bg4 Rf7 35. Ne1 Rb2+ 36. Kc1 Rxa2 37. Nf3 Bc3 38. e5 Rg7 39. Rd5+ exd5
0-1

[Event "Viswanathan Anand"]
[Site "SchemingMind.com"]
[Date "2008.10.22"]
[Round "-"]
[White "Chess_Man01"]
[Black "Peacemaker"]
[Result "1/2-1/2"]
[WhiteCountry "GBR"]
[BlackCountry "GER"]
[WhiteElo "2132"]
[WhiteRD "65"]
[BlackElo "2375"]
[BlackRD "73"]
[GameID "175835"]

1. e4 c5 2. Nf3 Nc6 3. d4 cxd4 4. Nxd4 Nf6 5. Nc3 d6 6. Bg5 e6 7. Qd2 a6 8. O-O-O Bd7 9. f4 b5 10. Bxf6 gxf6
11. Kb1 Qb6 12. Nce2 O-O-O 13. g3 Kb8 14. Qd3 b4 15. f5 e5 16. Nb3 d5 17. exd5 Ne7 18. Bh3 Bc6 19. Bg2 Nxd5 20. Qc4=
1/2-1/2